00347nam a2200109Ia 4500008004100000082000800041100001800049245005000067942000600117952009900123999001500222240331s9999 xx 000 0 und d bRAM aRamalingam,V  0ayaalppanach samugathil penn kalvi :bor aaivu cL 001040708LaWERCLbWERCLcSSCd2024-03-31l0o 376.9 RAM p5715r2024-03-31w2024-03-31yL c5836d5836